<?xml version="1.0" encoding="UTF-8"?><?xml-stylesheet type="text/xsl" href="static/style.xsl"?><OAI-PMH xmlns="http://www.openarchives.org/OAI/2.0/" xmlns:xsi="http://www.w3.org/2001/XMLSchema-instance" xsi:schemaLocation="http://www.openarchives.org/OAI/2.0/ http://www.openarchives.org/OAI/2.0/OAI-PMH.xsd"><responseDate>2026-06-06T18:15:23Z</responseDate><request verb="GetRecord" identifier="oai:riuma.uma.es:10630/23130" metadataPrefix="marc">https://riuma.uma.es/rest/oai/request</request><GetRecord><record><header><identifier>oai:riuma.uma.es:10630/23130</identifier><datestamp>2026-02-03T12:55:44Z</datestamp><setSpec>com_10630_22985</setSpec><setSpec>com_10630_3139</setSpec><setSpec>com_10630_10</setSpec><setSpec>col_10630_22992</setSpec></header><metadata><record xmlns="http://www.loc.gov/MARC21/slim" xmlns:dcterms="http://purl.org/dc/terms/" xmlns:doc="http://www.lyncode.com/xoai" xmlns:xsi="http://www.w3.org/2001/XMLSchema-instance" xsi:schemaLocation="http://www.loc.gov/MARC21/slim http://www.loc.gov/standards/marcxml/schema/MARC21slim.xsd">
   <leader>00925njm 22002777a 4500</leader>
   <datafield ind2=" " ind1=" " tag="042">
      <subfield code="a">dc</subfield>
   </datafield>
   <datafield ind2=" " ind1=" " tag="720">
      <subfield code="a">Rodríguez Loera, Rocío</subfield>
      <subfield code="e">author</subfield>
   </datafield>
   <datafield ind2=" " ind1=" " tag="720">
      <subfield code="a">Onrubia, Javier</subfield>
      <subfield code="e">author</subfield>
   </datafield>
   <datafield ind2=" " ind1=" " tag="260">
      <subfield code="c">2019</subfield>
   </datafield>
   <datafield ind2=" " ind1=" " tag="520">
      <subfield code="a">El prácticum se ha apuntado como un espacio privilegiado para promover una mejor articulación entre teoría y práctica en la formación de maestros, desde un planteamiento reflexivo y promotor de la construcción y reconstrucción del conocimiento práctico de los estudiantes. Sin embargo, llevar a cabo un prácticum de estas características no es sencillo. El presente trabajo, realizado en una escuela Normal en Zacatecas, México, analiza las percepciones de 15 estudiantes de maestro de último semestre sobre las actuaciones que permiten conectar teoría y práctica en sus prácticas profesionales. Se han realizado entrevistas semiestructuradas en profundidad y un grupo focal. Los resultados confirman la percepción de dificultades para conectar teoría y práctica. Se destaca la importancia de mejorar los procesos de seguimiento, ayuda y retroalimentación por parte de los maestros tutores y los tutores de universidad, así como la influencia de los criterios y formas de evaluación empleadas en el prácticum.</subfield>
   </datafield>
   <datafield ind1="8" ind2=" " tag="024">
      <subfield code="a">Rodríguez Loera, R., &amp; Onrubia, J. (2019). La percepción de estudiantes de maestro de último semestre sobre la relación entre teoría y práctica en el prácticum. Revista Practicum, 4(2), 42-59. https://doi.org/10.24310/RevPracticumrep.v4i2.7803</subfield>
   </datafield>
   <datafield ind1="8" ind2=" " tag="024">
      <subfield code="a">https://hdl.handle.net/10630/23130</subfield>
   </datafield>
   <datafield ind1="8" ind2=" " tag="024">
      <subfield code="a">https://doi.org/10.24310/RevPracticumrep.v4i2.7803</subfield>
   </datafield>
   <datafield tag="653" ind2=" " ind1=" ">
      <subfield code="a">Profesores - Formación</subfield>
   </datafield>
   <datafield ind2="0" ind1="0" tag="245">
      <subfield code="a">La percepción de estudiantes de maestro de último semestre sobre la relación entre teoría y práctica en el prácticum</subfield>
   </datafield>
</record>
</metadata></record></GetRecord></OAI-PMH>